000 00308 a2200157 4500
001 176422
020 _a
040 _cMagnum
100 _aMalot, Hector H.
240 1 0 _aSem familia
_lpor
245 1 0 _aSem familia
362 0 _a1899
440 1 _aGlobo
697 _aMAGNITO: IJ/FICCAO
942 _cBK
999 _c176422
_d176422